000 00498cam a22001691 4500
001 000001488
005 20200929145609.0
008 731227s1965 gw 000 1 ger
040 _aDO-SdBNP
_cOTU
_dInU
_dDLC
082 _a814
_bW429f
100 1 _aWeiss, Peter,
_d1916-1982.
_94920
245 1 0 _aFluchtpunkt; :
_bRoman.
260 _aFrankfurt am Main :
_bSuhrkamp, Verlag,
_c1965.
300 _a307 p. ;
_c19 cm.
650 4 _aLiteratura estadounidense
_9263
910 _aCatalogación por copia / LC
999 _c1394
_d1394